[Event "Piacenza Province-ch"]
[Site "Piacenza"]
[Date "2015.03.06"]
[Round "1"]
[White "Nordio, Giorgio"]
[Black "Biselli, Fabrizio"]
[Result "1-0"]
[WhiteElo "1865"]
[BlackElo "1451"]
[PlyCount "54"]
[EventDate "2015.03.06"]
[EventType "swiss"]
[EventRounds "5"]
[EventCountry "ITA"]
[SourceTitle "EXT 2017"]
[Source "ChessBase"]
[SourceDate "2016.10.25"]
[SourceVersion "1"]
[SourceVersionDate "2016.10.25"]
[SourceQuality "1"]

1. c4 Nf6 2. g3 g6 3. Bg2 Bg7 4. Nc3 c5 5. Nf3 Nc6 6. 0-0 d5 7. d3 0-0 8. Re1 e6 9. Rb1 Ng4 10. h3 Nge5 11. Nxe5 Bxe5 12. cxd5 Bxc3 13. bxc3 exd5 14. Qb3 Ne7 15. Bh6 Re8 16. Bg5 d4 17. cxd4 Qxd4 18. Be3 Qe5 19. Bxb7 c4 20. Qxc4 Be6 21. Qa4 Rad8 22. Bg2 Nf5 23. Bf4 Qc5 24. Rbc1 Qe7 25. Rc7 Qf6 26. Rxa7 Rxd3 27. Qxe8+ Kg7 1-0